[Event "Arco op 46th"]
[White "Kern, Beat"]
[Black "Vezzosi, Paolo"]
[Site "Arco"]
[Round "2"]
[Result "0-1"]
[Date "2024.10.06"]
[WhiteElo "1713"]
[BlackElo "2044"]
[PlyCount "40"]
[EventDate "2024.10.05"]
[EventType "swiss"]
[EventRounds "9"]
[EventCountry "ITA"]
[SourceTitle "CB44_2024"]
[Source "Chessbase"]
[SourceDate "2024.10.30"]
[SourceVersion "1"]
[SourceVersionDate "2024.10.30"]
[SourceQuality "1"]

1. Nf3 d5 2. d4 Nf6 3. e3 g6 4. c4 Bg7 5. cxd5 0-0 6. Nc3 Nxd5 7. Be2 c5 8. 0-0 Nc6 9. a3 cxd4 10. exd4 Bf5 11. Be3 Rc8 12. Rc1 Nxe3 13. fxe3 Bh6 14. Kf2 Qd6 15. Qb3 e5 16. dxe5 Nxe5 17. Rcd1 Ng4+ 18. Ke1 Qc5 19. Nd5 Be6 20. e4 Ne3 0-1

[Event "Arco op-A 39th"]
[White "Kern, Beat"]
[Black "Eschweiler, Markus"]
[Site "Arco"]
[Round "8"]
[Result "0-1"]
[Date "2017.10.14"]
[WhiteElo "1579"]
[BlackElo "1702"]
[PlyCount "96"]
[EventDate "2017.10.07"]
[EventType "swiss"]
[EventRounds "9"]
[EventCountry "ITA"]
[SourceTitle "CBM 181 Extra"]
[Source "ChessBase"]
[SourceDate "2017.12.12"]
[SourceVersion "1"]
[SourceVersionDate "2017.12.12"]
[SourceQuality "1"]

1. d4 Nf6 2. c4 e6 3. Nc3 b6 4. Nf3 Bb7 5. e3 Be7 6. Bd3 d5 7. 0-0 0-0 8. Re1 Re8 9. cxd5 exd5 10. a3 Ne4 11. Qc2 Bd6 12. Nb5 Ba6 13. Nxd6 Bxd3 14. Qxd3 Qxd6 15. b4 Nd7 16. Bb2 Ndf6 17. Ne5 Nd7 18. Nxd7 Qxd7 19. Rac1 Nd6 20. Qc2 Rac8 21. h3 b5 22. Re2 Nc4 23. Rce1 Nd6 24. Rc1 Re7 25. Qd3 c6 26. Rce1 Rce8 27. Bc1 a6 28. Bd2 Re6 29. Ra1 Rg6 30. Kf1 Ne4 31. g4 h5 32. Ke1 hxg4 33. hxg4 Rxg4 34. Kd1 Rg1+ 35. Be1 Qg4 36. Kc2 Qf3 37. Rd1 Rg2 38. Kb3 Qh5 39. Qc2 Qg6 40. Qd3 f5 41. a4 Ra8 42. Qc2 Qe8 43. a5 Rc8 44. f3 Rxe2 45. Qxe2 Qh5 46. Qg2 Ng5 47. Bf2 Qxf3 48. Qxf3 Nxf3 0-1

[Event "Arco op 37th"]
[White "Ottaviani, Gianluca"]
[Black "Kern, Beat"]
[Site "Arco"]
[Round "1"]
[Result "1/2-1/2"]
[Date "2015.10.10"]
[WhiteElo "1969"]
[BlackElo "1633"]
[PlyCount "59"]
[EventDate "2015.10.10"]
[EventType "swiss"]
[EventRounds "9"]
[EventCountry "ITA"]
[SourceTitle "CBM 168 Extra"]
[Source "ChessBase"]
[SourceDate "2015.10.29"]
[SourceVersion "1"]
[SourceVersionDate "2015.10.29"]
[SourceQuality "1"]

1. Nf3 d5 2. d4 Nf6 3. c4 c6 4. e3 e6 5. b3 Bd6 6. Bb2 0-0 7. Bd3 Nbd7 8. 0-0 Re8 9. Ne5 Nf8 10. Nd2 N6d7 11. f4 f6 12. Nxd7 Bxd7 13. Qh5 Qe7 14. Rae1 Qf7 15. Qxf7+ Kxf7 16. a3 Kg8 17. e4 Bc7 18. Rc1 Rac8 19. g3 f5 20. e5 Bb6 21. c5 Bd8 22. b4 g5 23. Kf2 gxf4 24. gxf4 Ng6 25. Rg1 Kf7 26. Ke3 Rg8 27. Nf3 h6 28. Rg3 Be7 29. Rcg1 Nh4 30. Rxg8 1/2-1/2

[Event "Arco op 36th"]
[White "Kern, Beat"]
[Black "Hussain, Hashem"]
[Site "Arco"]
[Round "7"]
[Result "0-1"]
[Date "2014.10.10"]
[WhiteElo "1622"]
[BlackElo "1699"]
[PlyCount "92"]
[EventDate "2014.10.04"]
[EventType "swiss"]
[EventRounds "9"]
[EventCountry "ITA"]
[SourceTitle "EXT 2016"]
[Source "ChessBase"]
[SourceDate "2015.10.08"]
[SourceVersion "1"]
[SourceVersionDate "2015.10.08"]
[SourceQuality "1"]

1. d4 Nf6 2. c4 c5 3. d5 b5 4. cxb5 a6 5. b6 Qxb6 6. Nc3 g6 7. e4 d6 8. Nf3 Nbd7 9. Qa4 Bg7 10. Be2 0-0 11. 0-0 a5 12. a3 Ba6 13. Re1 Rfb8 14. h3 Qb7 15. Qc2 Ne8 16. Rb1 Nc7 17. Bd2 Bxe2 18. Rxe2 Qb3 19. Qxb3 Rxb3 20. Na4 Nb6 21. Nxb6 Rxb6 22. Bg5 Kf8 23. e5 Nxd5 24. Rbe1 h6 25. Bc1 e6 26. exd6 Rxd6 27. Ne5 Bxe5 28. Rxe5 h5 29. Bd2 a4 30. Rc1 Rc6 31. Rc4 Rb8 32. Rxa4 Rxb2 33. Ra8+ Ke7 34. Bh6 c4 35. Bf8+ Kd7 36. Ra7+ Rc7 37. Rxc7+ Kxc7 38. Re4 c3 39. Rc4+ Kb6 40. Bg7 f6 41. Bh6 Kb5 42. Rc8 g5 43. h4 c2 44. Kh2 Nb6 45. Rc3 Na4 46. Rc8 Nc5 0-1

[Event "Arco op 32nd"]
[White "Kern, Beat"]
[Black "Buglisi, Massimo"]
[Site "Arco"]
[Round "7"]
[Result "1-0"]
[Date "2010.10.22"]
[WhiteElo "1668"]
[BlackElo "1875"]
[PlyCount "48"]
[EventDate "2010.10.16"]
[EventType "swiss"]
[EventRounds "9"]
[EventCountry "ITA"]
[SourceTitle "EXT 2024"]
[Source "ChessBase"]
[SourceDate "2023.10.10"]
[SourceVersion "1"]
[SourceVersionDate "2023.10.10"]
[SourceQuality "1"]

1. c4 Nf6 2. Nc3 g6 3. e4 Bg7 4. d4 d6 5. Nf3 0-0 6. Be2 e5 7. 0-0 Nc6 8. dxe5 Nxe5 9. Nxe5 dxe5 10. Qc2 c6 11. Bg5 h6 12. Be3 Qe7 13. Rad1 Ng4 14. Bxg4 Bxg4 15. f3 Be6 16. Na4 b6 17. b3 f5 18. c5 b5 19. Nb2 Rad8 20. Rd6 Qf7 21. Rfd1 fxe4 22. Rxd8 exf3 23. Rxf8+ Bxf8 24. gxf3 Qxf3 1-0

[Event "Arco op 31st"]
[White "Del Nevo, Claudio"]
[Black "Kern, Beat"]
[Site "Arco"]
[Round "6"]
[Result "1-0"]
[Date "2009.10.21"]
[WhiteElo "1858"]
[BlackElo "1673"]
[PlyCount "75"]
[EventDate "2009.10.17"]
[EventType "swiss"]
[EventRounds "9"]
[EventCountry "ITA"]
[SourceTitle "EXT 2010"]
[Source "ChessBase"]
[SourceDate "2010.11.25"]
[SourceVersion "1"]
[SourceVersionDate "2010.11.25"]
[SourceQuality "1"]

1. d4 Nf6 2. Nf3 d5 3. c3 e6 4. Bg5 Be7 5. Bxf6 Bxf6 6. e3 Nd7 7. Bd3 0-0 8. Qc2 g6 9. h4 e5 10. dxe5 Nxe5 11. Nxe5 Bxe5 12. Nd2 c5 13. 0-0-0 c4 14. Be2 Qf6 15. Rdf1 b5 16. h5 Bf5 17. e4 Bxe4 18. Nxe4 dxe4 19. Qxe4 Qf4+ 20. Qxf4 Bxf4+ 21. Kc2 Rad8 22. Rd1 Kg7 23. Bf3 a5 24. Rxd8 Rxd8 25. Rd1 Re8 26. Rd5 Re1 27. Rd1 Re5 28. hxg6 hxg6 29. g3 Bh6 30. Bg4 Re4 31. f4 Re3 32. Rg1 f5 33. Bd1 Kf7 34. Kd2 Rxg3 35. Rxg3 Bxf4+ 36. Re3 g5 37. Ke2 Bxe3 38. Kxe3 1-0

[Event "Arco op 31st"]
[White "Karl, Hans"]
[Black "Kern, Beat"]
[Site "Arco"]
[Round "2"]
[Result "1-0"]
[Date "2009.10.18"]
[WhiteElo "2229"]
[BlackElo "1673"]
[PlyCount "49"]
[EventDate "2009.10.17"]
[EventType "swiss"]
[EventRounds "9"]
[EventCountry "ITA"]
[SourceTitle "EXT 2010"]
[Source "ChessBase"]
[SourceDate "2010.11.25"]
[SourceVersion "1"]
[SourceVersionDate "2010.11.25"]
[SourceQuality "1"]

1. d4 Nf6 2. c4 e6 3. Nc3 d5 4. Nf3 Be7 5. g3 0-0 6. Bg2 Nbd7 7. 0-0 dxc4 8. e4 c6 9. a4 Bb4 10. Qe2 a5 11. e5 Nd5 12. Qxc4 Re8 13. Bg5 Qc7 14. Rfc1 Nxc3 15. bxc3 Be7 16. Bxe7 Rxe7 17. Ng5 Nf8 18. Ne4 Rb8 19. Nd6 Bd7 20. Rab1 Be8 21. Rb2 b5 22. Qc5 Qa7 23. Qxa7 Rxa7 24. Nxe8 Rxe8 25. Bxc6 1-0